LIBRARY & INFORMATION CENTRE, KCAET, TAVANUR

ONLINE PUBLIC ACCESS CATALOGUE (OPAC)

DESIGN AND DEVELOPMENT OF SMART WEIGHING LYSIMETER FOR EVAPOTRANSPIRATION STUDIES (Record no. 19632)

MARC details
000 -LEADER
fixed length control field 00639nam a22001817a 4500
003 - CONTROL NUMBER IDENTIFIER
control field OSt
082 ## - DEWEY DECIMAL CLASSIFICATION NUMBER
Classification number 631.587
Item number DHA/DE
088 ## - REPORT NUMBER
Report number P 658
100 ## - MAIN ENTRY--AUTHOR NAME
Personal name DHAKSHINA DEVADASAN
100 ## - MAIN ENTRY--AUTHOR NAME
Personal name ASHIKA N
100 ## - MAIN ENTRY--AUTHOR NAME
Personal name AKSA ELIZABETH JOSE
245 ## - TITLE STATEMENT
Title DESIGN AND DEVELOPMENT OF SMART WEIGHING LYSIMETER FOR EVAPOTRANSPIRATION STUDIES
260 ## - PUBLICATION, DISTRIBUTION, ETC. (IMPRINT)
Place of publication Tavanur
Name of publisher DEPARTMENT OF IRRIGATION AND DRAINAGE ENGINEERING, KELAPPAJI COLLEGE OF AGRICULTURAL ENGINEERING AND FOOD TECHNOLOGY
Year of publication 2025
700 ## - ADDED ENTRY--PERSONAL NAME
Personal name REMA K.P
856 ## - ELECTRONIC LOCATION AND ACCESS
Uniform Resource Identifier http://14.139.181.140:8080/jspui/handle/123456789/2202
942 ## - ADDED ENTRY ELEMENTS (KOHA)
Koha item type Project Report
Holdings
Collection code Home library Current library Full call number Accession Number Koha item type
Reference KAUAET KAUAET 631.587 DHA/DE P 658 Project Report
free website counter